Primer centenario del descubrimiento de la vacuna por Jenner (Record no. 24992)

MARC details
000 -LEADER
campo de control de longitud fija 00971nam a2200205 i 4500
001 - NÚMERO DE CONTROL
campo de control 24992
003 - IDENTIFICADOR DE NÚMERO DE CONTROL
campo de control ES-MaACL
005 - FECHA Y HORA DE LA ÚLTIMA TRANSACCIÓN
campo de control 20250522063043.0
007 - CAMPO FIJO DE DESCRIPCIÓN FÍSICA--INFORMACIÓN GENERAL
campo de control de longitud fija t|
008 - DATOS DE LONGITUD FIJA--INFORMACIÓN GENERAL
campo de control de longitud fija 021219s1896 sp ||||1| spa d
100 1# - ENTRADA PRINCIPAL--NOMBRE DE PERSONA
Nombre de persona Apraiz y Sáenz del Burgo, Ramón de,
Fechas asociadas al nombre 1845-1926
9 (RLIN) 22128
245 10 - MENCIÓN DEL TÍTULO
Título Primer centenario del descubrimiento de la vacuna por Jenner
Resto del título : discurso pronunciado.. el 14 de mayo de 1896 en el salón de actos público del Instituto Provincial por el Centro de vacunación animal de Álava y el Ateneo de Vitoria /
Mención de responsabilidad, etc. por Ramón Apraiz y Saenz del Burgo.
260 ## - PUBLICACIÓN, DISTRIBUCIÓN, ETC.
Lugar de publicación, distribución, etc. Vitoria :
Nombre del editor, distribuidor, etc. [s.n.],
Fecha de publicación, distribución, etc. 1896 (
Fabricante Est. tip. de Domingo Sar)
300 ## - DESCRIPCIÓN FÍSICA
Extensión 125 p. [1] h. de lám. ;
Dimensiones 23 cm.
500 ## - NOTA GENERAL
Nota general La h. de lám., retrato de Eduardo Jenner.
600 14 - PUNTO DE ACCESO ADICIONAL DE MATERIA--NOMBRE DE PERSONA
Nombre de persona Jenner, Edward (
Fechas asociadas al nombre 1749-1823)
9 (RLIN) 156767
650 #4 - PUNTO DE ACCESO ADICIONAL DE MATERIA--TÉRMINO DE MATERIA
Término de materia o nombre geográfico como elemento de entrada Vacuna antivariólica.
9 (RLIN) 143031
852 ## - LOCALIZACIÓN
Ubicación ES-MaACL
Número de control de estantería T-858-F-6
Nota libre .- Enc. en un vol. facticio conservando la enc. original
Holdings
Estatus retirado Estado de pérdida Estado de daño No para préstamo Colección Biblioteca de origen Biblioteca actual Ubicación en estantería Fecha de adquisición Fuente de adquisición Total de préstamos Signatura topográfica completa Código de barras Visto por última vez Precio de reemplazo Tipo de ítem Koha
        Colección de folletos Biblioteca del Ateneo de Madrid Biblioteca del Ateneo de Madrid Depósito folletos 17/01/2008     T-858-F-6 1025767 23/02/2023 23/02/2023 Folleto